[Event "ch-ROU 2017"]
[Site "masterchessopen.com Calimanesti-Caciulata ROU"]
[Date "2017.03.29"]
[Round "5.33"]
[White "Anuta,L"]
[Black "Dracea,Gheorghe"]
[Result "0-1"]
[WhiteElo "1968"]
[BlackElo "1900"]

1.d4 Nf6 2.Nf3 g6 3.c3 Bg7 4.Bf4 d6 5.e3 O-O 6.h3 Nbd7 7.Nbd2 c6 8.Be2 Nd5
9.Bh2 e5 10.O-O Qe7 11.dxe5 dxe5 12.Nc4 f5 13.Re1 g5 14.e4 fxe4 15.Nfd2 Nc5
16.Nf1 Be6 17.Nfe3 Rad8 18.Qc2 Nf4 19.Bg4 Bxg4 20.hxg4 Ncd3 21.Rf1 Qf7 22.Nd2
Ne2+ 23.Kh1 Nxf2+ 24.Rxf2 Qxf2 25.Nf5 Rxd2 26.Qxe4 Rfd8 27.Ne3 Rd1+ {#R} 0-1

[Event "ch-ROU w 2017"]
[Site "masterchessopen.com Calimanesti-Caciulata ROU"]
[Date "2017.03.29"]
[Round "5.1"]
[White "Peptan,C"]
[Black "Sgircea,S"]
[Result "1-0"]
[WhiteElo "2390"]
[BlackElo "2276"]

1.d4 Nf6 2.c4 e6 3.Nf3 b6 4.e3 Bb7 5.Nc3 Bb4 6.Bd2 O-O 7.Bd3 d5 8.cxd5 exd5
9.O-O Nbd7 10.Qc2 a6 11.Ne5 Bd6 12.f4 c5 13.Rf3 Re8 14.Be1 Nf8 15.Bh4 Be7
16.Rh3 Ne4 17.Bxe7 Rxe7 18.dxc5 bxc5 19.Nxe4 dxe4 20.Bxe4 Bxe4 21.Qxe4 Rc8
22.Qc2 Qd5 23.Nc4 Rd8 24.Rf3 Ng6 25.Rf2 Qe4 26.Qxe4 Rxe4 27.Rc2 Ne7 28.Kf2 Nf5
29.g4 Ne7 30.Rd2 Rb8 31.b3 h5 32.gxh5 Re6 33.Rad1 Nf5 34.Rd8+ Rxd8 35.Rxd8+
Kh7 36.Rd5 Nh6 37.Rxc5 Ng4+ 38.Kf3 {#r} 1-0

[Event "ch-ROU w 2017"]
[Site "masterchessopen.com Calimanesti-Caciulata ROU"]
[Date "2017.03.29"]
[Round "5.2"]
[White "Cosma,E"]
[Black "Bulmaga,I"]
[Result "0-1"]
[WhiteElo "2313"]
[BlackElo "2388"]

1.d4 Nf6 2.Nf3 g6 3.g3 Bg7 4.Bg2 d6 5.O-O O-O 6.b3 a5 7.c4 Nfd7 8.Nc3 Na6
9.Bb2 e5 10.Qd2 Re8 11.dxe5 Nxe5 12.Nxe5 dxe5 13.Qxd8 Rxd8 14.Rfd1 Re8 15.Nd5
Be6 16.Bc3 a4 17.b4 c6 18.Nb6 Rad8 19.a3 Nc7 20.Kf1 Na8 21.Nxa8 Rxa8 22.c5
Rad8 23.b5 Bb3 24.Rxd8 Rxd8 25.Ke1 f5 26.bxc6 bxc6 27.Bxc6 Rc8 28.Bb7 Rxc5
29.Bd2 Rc7 30.Ba8 Rc8 31.Bb7 Rb8 32.Bc6 e4 33.Rc1 Bb2 34.Rc5 Bxa3 35.Ra5 Bf8
36.g4 a3 37.gxf5 gxf5 38.Rxf5 a2 39.Bc3 Rc8 40.Rg5+ Kf7 41.Rf5+ Ke6 {#R} 0-1

[Event "ch-ROU w 2017"]
[Site "masterchessopen.com Calimanesti-Caciulata ROU"]
[Date "2017.03.29"]
[Round "5.4"]
[White "Visanescu,D"]
[Black "Ionescu,I"]
[Result "1-0"]
[WhiteElo "2036"]
[BlackElo "2253"]

1.e4 c6 2.d4 g6 3.Nc3 Bg7 4.f4 d5 5.e5 Nh6 6.Nf3 f6 7.Be3 O-O 8.h3 Qb6 9.Na4
Qa5+ 10.c3 fxe5 11.dxe5 Na6 12.b4 Qd8 13.Bxa6 bxa6 14.Nc5 a5 15.a3 Bf5 16.Nd4
Qc8 17.Qa4 g5 18.fxg5 Nf7 19.e6 Nd8 20.O-O Bxd4 21.Bxd4 Nxe6 22.Nxe6 Qxe6
23.Rae1 Be4 24.Qd1 Qg6 25.Qg4 axb4 26.axb4 a6 27.h4 h6 28.h5 Bf5 29.hxg6 Bxg4
30.gxh6 {#r} 1-0

[Event "ch-ROU w 2017"]
[Site "masterchessopen.com Calimanesti-Caciulata ROU"]
[Date "2017.03.29"]
[Round "5.5"]
[White "Sandu,Mi"]
[Black "Aciu,Malina-Andreea"]
[Result "1-0"]
[WhiteElo "2261"]
[BlackElo "1893"]

1.e4 c5 2.Nf3 d6 3.d4 cxd4 4.Nxd4 Nf6 5.Nc3 a6 6.Be2 e6 7.O-O Nc6 8.Be3 Be7
9.a4 Bd7 10.f4 Nxd4 11.Qxd4 Bc6 12.b4 O-O 13.Rad1 Rc8 14.b5 axb5 15.axb5 Bd7
16.Qd3 Qc7 17.Bd4 e5 18.b6 Qb8 19.Be3 Rfd8 20.Nd5 Nxd5 21.exd5 f5 22.c4 e4
23.Qc3 Bf6 24.Qb4 Be8 25.g4 fxg4 26.Bxg4 Bd7 27.Be6+ Bxe6 28.dxe6 Rc6 29.f5
Qc8 30.c5 d5 31.Bd4 Bxd4+ 32.Qxd4 Rxc5 33.e7 Re8 34.f6 gxf6 35.Qxf6 {#r} 1-0

[Event "ch-ROU w 2017"]
[Site "masterchessopen.com Calimanesti-Caciulata ROU"]
[Date "2017.03.29"]
[Round "5.8"]
[White "Panainte,Andreea-Bianca"]
[Black "Bogdan,El"]
[Result "0-1"]
[WhiteElo "1850"]
[BlackElo "1763"]

1.e4 e5 2.Nf3 Nc6 3.Bc4 Bc5 4.c3 Nf6 5.d4 exd4 6.e5 d5 7.Bb5 Ne4 8.cxd4 Bb4+
9.Bd2 Nxd2 10.Nbxd2 Bd7 11.Qe2 O-O 12.Bxc6 Bxc6 13.O-O Qd7 14.Qe3 Rac8 15.a3
Be7 16.h3 Qf5 17.Nh2 Bb5 18.g4 Qg6 19.Rfc1 f6 20.f4 fxe5 21.dxe5 c5 22.Kh1 Qh6
23.g5 Qh4 24.Ng4 Bd7 25.Rg1 Rf5 26.Raf1 Rcf8 27.Kh2 Be6 28.Nf3 Qh5 29.Nd2 Qf7
30.Kg3 d4 31.Qe4 Bd5 32.e6 Qxe6 33.Qxe6+ Bxe6 34.Re1 Kf7 35.Ne5+ Ke8 36.Nd3
Bd7 37.Ne4 Kd8 38.Rc1 b6 39.Rge1 Bb5 40.Nef2 Bd6 41.Re4 Rxg5+ 42.Kh2 Bc6 43.h4
Rg6 {#R} 0-1

[Event "ch-ROU w 2017"]
[Site "masterchessopen.com Calimanesti-Caciulata ROU"]
[Date "2017.03.29"]
[Round "5.9"]
[White "Firaru,R"]
[Black "Cristocea,Gabriela"]
[Result "1-0"]
[WhiteElo "1835"]
[BlackElo "1498"]

1.e4 e6 2.d4 d5 3.exd5 exd5 4.c4 Nf6 5.Nc3 Be6 6.c5 Be7 7.Nf3 Nbd7 8.Bd3 c6
9.O-O Qc7 10.Re1 h6 11.Ne2 g5 12.Ng3 b6 13.b4 O-O-O 14.a4 g4 15.Nh4 Ne4
16.Nhf5 Ndf6 17.Nxe7+ Qxe7 18.Bf4 Nxg3 19.Bxg3 bxc5 20.bxc5 Kd7 21.Bd6 Qe8
22.Rb1 Ra8 23.Rb7+ Kd8 24.Qb3 Nd7 25.Ba6 Qg8 26.Qb4 Ke8 27.Rxd7 Kxd7 28.Qb7+
Kd8 29.Qe7# 1-0

[Event "Norberto La Porta Cup"]
[Site "masterchessopen.com Buenos Aires ARG"]
[Date "2017.03.29"]
[Round "7.1"]
[White "Hungaski,R"]
[Black "Bachmann,Ax"]
[Result "0-1"]
[WhiteElo "2488"]
[BlackElo "2646"]

1.e4 e5 2.Nf3 Nc6 3.Bc4 Bc5 4.c3 Nf6 5.d3 a6 6.Nbd2 d6 7.Bb3 Ba7 8.h3 O-O
9.Nf1 d5 10.exd5 Nxd5 11.Ng3 f6 12.O-O Be6 13.Nh4 Qd7 14.Qf3 Rad8 15.Nhf5 g6
16.Nh6+ Kh8 17.Ne4 Qg7 18.h4 Nf4 19.Bxf4 Bxb3 20.axb3 exf4 21.Qxf4 Rxd3
22.Rae1 Ne5 23.Nxf6 Nd7 24.Qc4 Qxf6 25.Ng4 Qd6 26.Re2 h5 27.Ne5 Nxe5 28.Rxe5
Bxf2+ 29.Kh1 Rd1 30.Re4 Bg3 {#R} 0-1

[Event "Norberto La Porta Cup"]
[Site "masterchessopen.com Buenos Aires ARG"]
[Date "2017.03.29"]
[Round "7.2"]
[White "Perez Ponsa,F"]
[Black "Rodriguez Vila,A"]
[Result "1-0"]
[WhiteElo "2577"]
[BlackElo "2478"]

1.e4 g6 2.d4 Bg7 3.Nc3 d6 4.f4 c6 5.Nf3 Bg4 6.Be3 Qb6 7.Qd2 Bxf3 8.gxf3 e6
9.O-O-O Qa5 10.f5 exf5 11.Bf4 Nd7 12.Bxd6 O-O-O 13.Kb1 Ndf6 14.Be5 Ne8 15.Bxg7
Nxg7 16.Bc4 Qc7 17.d5 Kb8 18.d6 Qd7 19.Qd4 f6 20.Rhe1 Ne8 21.e5 fxe5 22.Rxe5
Ngf6 23.Re6 Rf8 24.Qe5 Qg7 25.Re7 Qh8 26.Qa5 {#r} 1-0

[Event "ch-URU 2017"]
[Site "masterchessopen.com Montevideo URU"]
[Date "2017.03.29"]
[Round "5.5"]
[White "Ulaneo,N"]
[Black "Benoit,Rodrigo"]
[Result "1-0"]
[WhiteElo "2167"]
[BlackElo "2114"]

1.Nf3 c5 2.g3 g6 3.Bg2 Bg7 4.O-O Nf6 5.d3 O-O 6.e4 Nc6 7.Nbd2 e6 8.c3 d5 9.e5
Nd7 10.d4 Rb8 11.Re1 b5 12.a3 Qb6 13.Nf1 a5 14.Be3 c4 15.h4 b4 16.axb4 axb4
17.h5 Na5 18.hxg6 fxg6 19.Ng5 Nb3 20.Bh3 Nxa1 21.Bxe6+ Kh8 22.Qxa1 Qb7 23.Nf7+
Rxf7 24.Bxf7 Nxe5 25.dxe5 Qxf7 26.Bd4 Be6 27.Qa6 bxc3 28.bxc3 h5 29.Ra1 Re8
30.Qd6 Qe7 31.Qc6 Rc8 32.Qb6 Rc7 33.Ra8+ Kh7 34.Ne3 Bf7 35.Qb8 Rb7 36.Qc8 Rb1+
37.Kg2 Be6 38.Qc6 Bd7 39.Qxd5 Be6 40.Qe4 Rb7 41.Ra6 Rd7 42.Kg1 Qf7 43.Qc6 Re7
44.Bc5 Bd7 45.Qxd7 Rxd7 46.e6 {#r} 1-0

[Event "11th ch-SRB w 2017"]
[Site "masterchessopen.com Zemun SRB"]
[Date "2017.03.29"]
[Round "1.1"]
[White "Milosevic,Jo"]
[Black "Nestorovic,Katarina"]
[Result "1-0"]
[WhiteElo "2085"]
[BlackElo "2046"]

1.Nf3 Nf6 2.d4 e6 3.g3 d5 4.Bg2 c5 5.c4 dxc4 6.Qa4+ Bd7 7.Qxc4 b5 8.Qc2 Nc6
9.dxc5 Rc8 10.Bd2 b4 11.O-O Qa5 12.Rc1 Nb8 13.Ne5 Bxc5 14.Nc4 Qa6 15.Be1 O-O
16.Nbd2 Bb5 17.e3 Nbd7 18.Bf1 Be7 19.Qd1 Rfd8 20.Qf3 Nc5 21.a4 bxa3 22.Rxa3
Na4 23.Raa1 Qc6 24.Qxc6 Rxc6 25.b3 Nc5 26.Rxa7 Kf8 27.Ne5 Rb6 28.Bxb5 Rxb5
29.Nc6 Rd7 30.Ra8+ Ne8 31.Nd4 Rbb7 32.N2f3 Ra7 33.Rxa7 Rxa7 34.Ne5 Nd7 35.Nec6
Rb7 36.Ra1 Bc5 37.Ra8 e5 38.Nf3 Rxb3 39.Rd8 e4 40.Nd2 Rd3 41.Nxe4 Rd1 42.Kf1
Bb6 43.Rc8 Nc5 44.Nc3 Rd7 45.Nb5 f6 46.Nb8 Rd5 47.Rc6 Bd8 48.Bb4 Be7 49.Bxc5
{#r} 1-0

[Event "11th ch-SRB w 2017"]
[Site "masterchessopen.com Zemun SRB"]
[Date "2017.03.29"]
[Round "1.2"]
[White "Kovacevic,Radmila"]
[Black "Gajcin,Marina"]
[Result "0-1"]
[WhiteElo "2170"]
[BlackElo "2203"]

1.e4 c5 2.Nf3 g6 3.d4 cxd4 4.Nxd4 Nc6 5.Nc3 Bg7 6.Be3 Nf6 7.Nxc6 bxc6 8.e5 Ng8
9.Bd4 Qa5 10.Qe2 f6 11.exf6 Nxf6 12.O-O-O e6 13.Qc4 O-O 14.f3 Rf7 15.Bd3 Rb8
16.Rhe1 Bh6+ 17.Kb1 Bf8 18.Bf1 Ba3 19.b3 Bb4 20.Be5 Rb6 21.Re3 Ba6 22.Qh4 Bxf1
23.Rxf1 Nd5 24.Nxd5 cxd5 25.Qd8+ Bf8 26.Bc7 Qb5 27.Rd1 Rc6 28.Ba5 Ra6 29.Be1
Qc5 30.Rc3 Qa3 31.Rc8 {#R} 0-1

[Event "11th ch-SRB w 2017"]
[Site "masterchessopen.com Zemun SRB"]
[Date "2017.03.29"]
[Round "1.4"]
[White "Miladinovic,L"]
[Black "Chelushkina,I"]
[Result "0-1"]
[WhiteElo "2168"]
[BlackElo "2235"]

1.Nf3 Nf6 2.c4 g6 3.Nc3 Bg7 4.e4 d6 5.d4 O-O 6.Be2 e5 7.O-O c6 8.d5 Na6 9.Be3
Ng4 10.Bg5 f6 11.Bh4 c5 12.Ne1 Nh6 13.f3 Nf7 14.Nd3 Bh6 15.Bf2 Bd7 16.a3 b6
17.b4 f5 18.Rb1 Qe7 19.Qc2 Rac8 20.bxc5 Nxc5 21.Nxc5 dxc5 22.a4 Nd6 23.Nb5
Bxb5 24.axb5 fxe4 25.fxe4 Rxf2 26.Rxf2 Be3 27.Bf3 Rf8 28.Rf1 Qg5 29.Kh1 Bxf2
30.Rxf2 Qe3 31.Re2 Qd4 32.h4 Rf4 33.Kh2 Rxh4+ 34.Kg3 Rf4 35.Qa2 Rf7 36.Bg4 Kg7
37.Be6 Re7 38.Kh2 Nxe4 39.Qb3 Nd6 40.Rc2 h5 41.Kh1 Re8 42.Ra2 Rf8 43.Rxa7+ Kh6
44.Qb1 Qxc4 45.Ra1 Qh4+ 46.Kg1 Qf2+ 47.Kh1 e4 48.Kh2 e3 {#R} 0-1

[Event "11th ch-SRB w 2017"]
[Site "masterchessopen.com Zemun SRB"]
[Date "2017.03.29"]
[Round "1.5"]
[White "Eric,J"]
[Black "Djukic,Sa"]
[Result "1-0"]
[WhiteElo "2232"]
[BlackElo "2165"]

1.e4 c5 2.Nf3 a6 3.d4 cxd4 4.Nxd4 Nf6 5.Nc3 e5 6.Nf3 Bb4 7.Bc4 O-O 8.Bg5 Qc7
9.Nd2 Bxc3 10.bxc3 Qc6 11.Qf3 b5 12.Bxf6 Qxf6 13.Bd5 Ra7 14.Qe3 Rc7 15.O-O Bb7
16.a4 bxa4 17.Rxa4 Rfc8 18.Rb4 Bxd5 19.exd5 d6 20.Rb6 Qe7 21.Ne4 Rd7 22.Rfb1
Qd8 23.c4 f5 24.Ng5 Re7 25.Ne6 Qe8 26.Rxd6 Nd7 27.c5 f4 28.Qa3 Nf6 29.Qxa6
Nxd5 30.Qc4 Nc7 31.Nxc7+ {#r} 1-0

[Event "Shanghai Gulf Cup 2017"]
[Site "masterchessopen.com Shanghai CHN"]
[Date "2017.03.30"]
[Round "5.1"]
[White "Hu,Yu"]
[Black "Xu,Yi"]
[Result "0-1"]
[WhiteElo "2007"]
[BlackElo "2444"]

1.e4 g6 2.d4 d6 3.Nc3 Bg7 4.Be3 a6 5.f4 b5 6.Nf3 Bb7 7.Bd3 Nd7 8.Qe2 c5 9.dxc5
Nxc5 10.Bxc5 Bxc3+ 11.bxc3 dxc5 12.e5 Nh6 13.O-O O-O 14.Kh1 c4 15.Be4 Bxe4
16.Qxe4 e6 17.Rfd1 Qb6 18.h3 Nf5 19.Kh2 Rfd8 20.Nd4 Nxd4 21.cxd4 Rac8 22.c3 b4
23.cxb4 Qxb4 24.Rab1 Qa5 25.Qc2 c3 26.Rd3 Rc4 27.Rc1 Rdxd4 28.Rxd4 Rxd4
29.Qxc3 Qxc3 30.Rxc3 Ra4 31.a3 Rxf4 32.Re3 Kg7 33.Kg3 g5 34.Kh2 h5 35.Rc3 Kg6
36.Rc6 Ra4 37.Rc3 Kf5 38.Re3 Re4 39.Rf3+ Kg6 {#R} 0-1

[Event "11th ch-SRB 2017"]
[Site "masterchessopen.com Kragujevac SRB"]
[Date "2017.03.30"]
[Round "8.2"]
[White "Markus,Rob"]
[Black "Todorovic,GM"]
[Result "1-0"]
[WhiteElo "2671"]
[BlackElo "2457"]

1.d4 d5 2.c4 e6 3.Nc3 c6 4.e3 Nf6 5.Nf3 Nbd7 6.Be2 dxc4 7.a4 Bb4 8.Bxc4 b6
9.O-O Bb7 10.Qe2 c5 11.Na2 Ba5 12.Rd1 O-O 13.b3 Qe7 14.Bb2 Rfd8 15.Rac1 Rab8
16.Nc3 Bxc3 17.Bxc3 Bd5 18.Bb2 Rbc8 19.Ba3 Ne4 20.dxc5 Ndxc5 21.Bxd5 exd5
22.Nd4 Qg5 23.b4 Ne6 24.Nc6 Re8 25.b5 Rc7 26.Qf3 h5 27.h3 N6c5 28.Bxc5 bxc5
29.h4 Qxh4 30.Rxd5 Nf6 31.Rdxc5 Qxa4 32.Rg5 Kf8 33.Rd1 Qh4 34.Qf5 Rb7 35.Rd4
Re4 36.Rxe4 Qxe4 37.Qc8+ {#r} 1-0

[Event "28th NATO Chess 2017"]
[Site "masterchessopen.com Budapest HUN"]
[Date "2017.03.30"]
[Round "5.1"]
[White "Rosenkilde,A"]
[Black "Drabke,L"]
[Result "1-0"]
[WhiteElo "2246"]
[BlackElo "2466"]

1.d4 d5 2.c4 c6 3.Nf3 Nf6 4.Nc3 dxc4 5.a4 Na6 6.e4 Bg4 7.Bxc4 e6 8.O-O Nb4
9.Be3 Be7 10.a5 O-O 11.Qb3 Bxf3 12.gxf3 b5 13.axb6 axb6 14.Rac1 Ra5 15.Kh1 Rh5
16.Rg1 c5 17.Ne2 Nc6 18.dxc5 Bxc5 19.Nf4 Rh4 20.Rg2 Na5 21.Qc3 Nxc4 22.Qxc4
Bxe3 23.fxe3 e5 24.Nd3 Qd6 25.Qb5 h6 26.Rc6 Qd7 27.Rxb6 Qh3 28.Rxf6 Kh8
29.Rxf7 Ra8 30.Qxe5 Ra1+ 31.Rg1 Rg4 32.fxg4 {#r} 1-0

[Event "28th NATO Chess 2017"]
[Site "masterchessopen.com Budapest HUN"]
[Date "2017.03.30"]
[Round "5.5"]
[White "Helbig,M"]
[Black "Sycz,D"]
[Result "1-0"]
[WhiteElo "2342"]
[BlackElo "2176"]

1.Nf3 Nf6 2.g3 d5 3.Bg2 Nc6 4.d4 e6 5.O-O Bd6 6.c4 dxc4 7.Nbd2 e5 8.dxe5 Nxe5
9.Nxe5 Bxe5 10.Nxc4 Bd4 11.e3 Bc5 12.Qc2 O-O 13.Na5 Bb6 14.Nxb7 Qe7 15.Bd2 Be6
16.Na5 Bd5 17.Nc6 Qe6 18.Bxd5 Nxd5 19.Qc4 Rfe8 20.Rae1 Qd7 21.Nb4 Nf6 22.Bc3
Ne4 23.Nd5 Ng5 24.Rd1 Qh3 25.Qe2 Qf5 26.Nf4 Qe4 27.f3 Bxe3+ 28.Kg2 Qf5 29.Qd3
Qc8 30.Nd5 Qh3+ 31.Kh1 Bb6 32.Nxb6 axb6 33.Rfe1 Ne6 34.Qe4 Rad8 35.f4 Qg4
36.Rd5 Rxd5 37.Qxd5 Rf8 38.Qe5 Qg6 39.f5 Qh5 40.fxe6 Qf3+ 41.Kg1 {#r} 1-0

[Event "28th NATO Chess 2017"]
[Site "masterchessopen.com Budapest HUN"]
[Date "2017.03.30"]
[Round "5.6"]
[White "Binder,Ta"]
[Black "Bohn,U"]
[Result "0-1"]
[WhiteElo "2247"]
[BlackElo "2167"]

1.b3 d5 2.Bb2 Nf6 3.e3 Bf5 4.Nf3 e6 5.Be2 h6 6.O-O Nbd7 7.c4 c6 8.Nc3 Bd6 9.d4
O-O 10.Re1 Bh7 11.Bd3 Ne4 12.Bxe4 dxe4 13.Nd2 f5 14.Nf1 Qh4 15.Ne2 g5 16.d5
exd5 17.cxd5 c5 18.b4 f4 19.bxc5 fxe3 20.f4 exf3 {#R} 0-1

[Event "28th NATO Chess 2017"]
[Site "masterchessopen.com Budapest HUN"]
[Date "2017.03.30"]
[Round "5.7"]
[White "Pietruszewski,M"]
[Black "Kende,G"]
[Result "1-0"]
[WhiteElo "2234"]
[BlackElo "2136"]

1.e4 e5 2.Nf3 Nc6 3.Bb5 Bc5 4.O-O Nf6 5.Re1 O-O 6.c3 Ng4 7.d4 exd4 8.h3 Nf6
9.e5 Nd5 10.cxd4 Be7 11.Qb3 a6 12.Bf1 Nb6 13.d5 Nb8 14.d6 cxd6 15.Be3 {#r} 1-0

[Event "28th NATO Chess 2017"]
[Site "masterchessopen.com Budapest HUN"]
[Date "2017.03.30"]
[Round "5.10"]
[White "Andersen,HC"]
[Black "Randall,Gordon J"]
[Result "1-0"]
[WhiteElo "2205"]
[BlackElo "1970"]

1.d4 Nf6 2.c4 c5 3.d5 e6 4.Nc3 exd5 5.cxd5 d6 6.g3 g6 7.Bg2 Bg7 8.Nf3 O-O
9.O-O Re8 10.Bf4 a6 11.a4 Nh5 12.Bg5 Qc7 13.Qd2 Nd7 14.Rfc1 Rb8 15.Rab1 b5
16.axb5 axb5 17.b4 c4 18.Nd4 Ba6 19.Ra1 Qb6 20.Nc6 Ra8 21.Be3 Qb7 22.Ra5 Ne5
23.Rca1 Qc8 24.Na7 Rxa7 25.Bxa7 Bb7 26.h3 f5 27.Bd4 Nf6 28.Rxb5 Ba8 29.Ra7
Ned7 30.Rba5 Bb7 31.Bf3 Bf8 32.Ra1 Kf7 33.Re1 Ne5 34.Bg2 h6 35.Kh2 g5 36.e4
Nd3 37.Re2 Nxb4 {#r} 1-0

[Event "28th NATO Chess 2017"]
[Site "masterchessopen.com Budapest HUN"]
[Date "2017.03.30"]
[Round "5.15"]
[White "Casteleijn,Diederick"]
[Black "Kersic,M"]
[Result "1-0"]
[WhiteElo "2048"]
[BlackElo "2167"]

1.e4 c5 2.Nc3 e6 3.f4 Nc6 4.Nf3 d5 5.Bb5 Ne7 6.exd5 exd5 7.Qe2 Qd6 8.O-O Bg4
9.Bxc6+ Qxc6 10.d4 O-O-O 11.Nb5 Qb6 12.dxc5 Qxc5+ 13.Be3 d4 14.Nbxd4 Rxd4
15.Bxd4 Qxd4+ 16.Nxd4 {#r} 1-0

[Event "28th NATO Chess 2017"]
[Site "masterchessopen.com Budapest HUN"]
[Date "2017.03.30"]
[Round "5.16"]
[White "Cheung,J"]
[Black "Kedzierski,S"]
[Result "1-0"]
[WhiteElo "2045"]
[BlackElo "2148"]

1.d4 Nf6 2.c4 e6 3.Nf3 Bb4+ 4.Bd2 Be7 5.Nc3 d5 6.Bf4 O-O 7.e3 c6 8.h3 Nbd7
9.Bd3 dxc4 10.Bxc4 b5 11.Bd3 Bb7 12.O-O a6 13.e4 b4 14.Na4 c5 15.e5 Nd5 16.Bg3
Rc8 17.Nxc5 Nxc5 18.dxc5 Bxc5 19.Qe2 a5 20.Qe4 g6 21.Qe2 Qb6 22.Rad1 Rfd8
23.Ng5 Rc7 24.Ne4 Be7 25.Nd6 Bc6 26.Rc1 Bg5 27.Rc4 Bd7 28.Rxc7 Qxc7 29.Qg4 Be7
30.h4 h5 31.Qe4 Bxd6 32.exd6 Qc5 33.Qe2 Rc8 34.Rd1 a4 35.Be5 a3 36.Qd2 Kh7
37.Qg5 f5 38.g4 axb2 39.gxh5 Rg8 40.Kf1 Be8 41.d7 Bf7 42.hxg6+ Bxg6 43.d8=Q
{#r} 1-0

[Event "28th NATO Chess 2017"]
[Site "masterchessopen.com Budapest HUN"]
[Date "2017.03.30"]
[Round "5.18"]
[White "Christen,Pi"]
[Black "Mestek,I"]
[Result "0-1"]
[WhiteElo "2008"]
[BlackElo "2132"]

1.Nf3 Nf6 2.c4 e6 3.g3 b6 4.Bg2 Bb7 5.O-O Be7 6.Nc3 c5 7.e3 O-O 8.b3 d6 9.Bb2
Nbd7 10.d3 Qc7 11.Rc1 Rad8 12.Qe2 Rfe8 13.Rfd1 Qb8 14.Qc2 Qa8 15.e4 a6 16.h3
Bc6 17.a4 Bf8 18.Re1 Bb7 19.Qe2 h6 20.Nd2 Ne5 21.f4 Nc6 22.Nf3 Nb4 23.Ra1 d5
24.e5 Nh5 25.Kh2 dxc4 26.dxc4 Rd3 27.Ne4 Red8 28.Nfg5 Nxg3 29.Nxg3 Rd2 30.N5e4
Rxe2 31.Rxe2 Rd3 32.Bc3 Be7 33.Rae1 Bh4 34.Rd2 Bxg3+ {#R} 0-1

[Event "28th NATO Chess 2017"]
[Site "masterchessopen.com Budapest HUN"]
[Date "2017.03.30"]
[Round "5.20"]
[White "Krainski,S"]
[Black "Nielsen,Henr"]
[Result "1-0"]
[WhiteElo "2096"]
[BlackElo "2007"]

1.d4 Nf6 2.Bf4 g6 3.e3 Bg7 4.Nf3 c5 5.c3 d5 6.Nbd2 O-O 7.Be2 Nc6 8.O-O Re8
9.Ne5 Nxe5 10.Bxe5 Nd7 11.Bxg7 Kxg7 12.Nf3 Qb6 13.Qb3 c4 14.Qa3 Qd6 15.Qxd6
exd6 16.b3 cxb3 17.axb3 Nf6 18.Rfc1 Bd7 19.Nd2 Ne4 20.Nb1 Rec8 21.f3 Nf6
22.Bd3 a6 23.Nd2 Rc7 24.Rc2 Rac8 25.Rac1 Kf8 26.g4 h5 27.g5 Ng8 28.c4 Ne7
29.e4 dxc4 30.Nxc4 Rc6 31.d5 Rc5 32.Nb6 Rd8 33.Rxc5 dxc5 34.Rxc5 Nc8 35.Nxd7+
{#r} 1-0

[Event "28th NATO Chess 2017"]
[Site "masterchessopen.com Budapest HUN"]
[Date "2017.03.30"]
[Round "5.21"]
[White "Nielsen,Morten Majlund"]
[Black "Nikomanis,A"]
[Result "0-1"]
[WhiteElo "2005"]
[BlackElo "2061"]

1.d4 Nf6 2.c4 g6 3.Nc3 Bg7 4.e4 d6 5.Nf3 O-O 6.Be2 e5 7.O-O Nc6 8.d5 Ne7 9.Ne1
Nd7 10.Nd3 f5 11.Bd2 Nf6 12.f3 f4 13.Rc1 g5 14.c5 Ng6 15.cxd6 cxd6 16.Nb5 Rf7
17.Qc2 Ne8 18.Nf2 Bf8 19.a4 a6 20.Na3 b6 21.Qb3 Bd7 22.Nc2 Rg7 23.Nb4 h5
24.Nc6 Qf6 25.Qxb6 Nh4 26.Nb8 Rxb8 27.Qxb8 g4 28.fxg4 Qg6 29.Qd8 Nf6 30.Rc7
hxg4 31.g3 fxg3 32.Nxg4 gxh2+ 33.Kxh2 Nf3+ 34.Bxf3 Nxg4+ 35.Bxg4 Rh7+ 36.Kg3
Qxg4+ 37.Kf2 Rh2+ 38.Ke3 Qe2# 0-1

[Event "28th NATO Chess 2017"]
[Site "masterchessopen.com Budapest HUN"]
[Date "2017.03.30"]
[Round "5.23"]
[White "Schott,G"]
[Black "Kruit,Erik"]
[Result "1-0"]
[WhiteElo "2146"]
[BlackElo "1965"]

1.e4 e6 2.d3 c5 3.Nf3 Nc6 4.c3 d5 5.Nbd2 Bd6 6.g3 Nf6 7.Bg2 O-O 8.O-O d4 9.Nc4
e5 10.cxd4 cxd4 11.Nxd6 Qxd6 12.Bd2 a5 13.Nh4 Ra6 14.f4 Ng4 15.Qe2 Nb4 16.Nf5
Bxf5 17.exf5 Ne3 18.Bxe3 dxe3 19.Bxb7 Rb6 20.Be4 Qd4 21.b3 exf4 22.gxf4 Rd6
23.Rae1 f6 24.Qxe3 Nxa2 25.Qxd4 Rxd4 26.Ra1 Nc3 27.Rfe1 a4 28.bxa4 Nxa4
29.Rec1 Rfd8 30.Rc7 Rb8 31.Bc6 Rbb4 32.Rc8+ Kf7 33.Be8+ Ke7 34.Re1+ Kd6
35.Re6+ Kd5 36.Bc6+ Kc5 37.Bxa4+ Kd5 38.Rd8+ Kc5 39.Rc6# 1-0

[Event "28th NATO Chess 2017"]
[Site "masterchessopen.com Budapest HUN"]
[Date "2017.03.30"]
[Round "6.6"]
[White "Mestek,I"]
[Black "Ladva,O"]
[Result "0-1"]
[WhiteElo "2132"]
[BlackElo "2529"]

1.e4 c5 2.Nf3 e6 3.d4 cxd4 4.Nxd4 Nc6 5.Nc3 Qc7 6.Be3 Nf6 7.Ndb5 Qb8 8.f4 a6
9.e5 axb5 10.exf6 gxf6 11.Bxb5 d5 12.O-O Bd7 13.Qh5 f5 14.Rfe1 Qd6 15.Rad1 Be7
16.a3 O-O 17.Bxc6 bxc6 18.Bd4 f6 19.Re3 Be8 20.Rg3+ Kh8 21.Qh6 Rf7 22.b4 e5
23.Bc5 Qc7 24.fxe5 Bxc5+ 25.bxc5 fxe5 26.Qe6 Qe7 27.Qxe7 Rxe7 28.Rb1 f4 29.Rf3
Ra5 30.g3 Bh5 31.Rd3 e4 32.Nxd5 exd3 {#R} 0-1

[Event "28th NATO Chess 2017"]
[Site "masterchessopen.com Budapest HUN"]
[Date "2017.03.30"]
[Round "6.14"]
[White "Wells,D"]
[Black "Michos,T"]
[Result "0-1"]
[WhiteElo "2009"]
[BlackElo "2207"]

1.e4 e5 2.Nf3 Nc6 3.Bb5 a6 4.Ba4 Nf6 5.O-O Be7 6.Re1 b5 7.Bb3 d6 8.c3 Bg4 9.h3
Bh5 10.d3 O-O 11.a4 Na5 12.Bc2 c5 13.Nbd2 Qc7 14.Nf1 b4 15.Ng3 Bg6 16.Bg5 Nh5
17.Nf5 Bxg5 18.Nxg5 h6 19.Nf3 Rab8 20.Rc1 b3 21.Bb1 Rfd8 22.N3h4 Qd7 23.Qg4
Kh7 24.d4 c4 25.dxe5 dxe5 26.Rcd1 Qe6 27.Nxg6 fxg6 28.Nxh6 Qe8 29.Nf5 gxf5
30.exf5 Nf6 31.Qg3 Rxd1 32.Rxd1 Rd8 33.Rxd8 Qxd8 34.Qg6+ Kg8 35.g4 Qe8 36.Qg5
Nb7 37.Qe3 Qd8 38.Qxe5 Qd1+ 39.Kg2 Qxb1 40.Qb8+ Kh7 41.Qxb7 Qe4+ 42.Qxe4 Nxe4
43.Kf3 Nxc3 44.bxc3 b2 {#R} 0-1

[Event "28th NATO Chess 2017"]
[Site "masterchessopen.com Budapest HUN"]
[Date "2017.03.30"]
[Round "6.16"]
[White "Sycz,D"]
[Black "Pirs,M2"]
[Result "1-0"]
[WhiteElo "2176"]
[BlackElo "2024"]

1.d4 Nf6 2.Nf3 e6 3.g3 b6 4.Bg2 Bb7 5.O-O Be7 6.b3 O-O 7.Bb2 c5 8.e3 d6 9.Nbd2
Qc7 10.c4 Nbd7 11.Qc2 Rac8 12.Rac1 Qb8 13.Rfe1 Rfe8 14.Qd3 Qa8 15.e4 cxd4
16.Nxd4 Ne5 17.Qe2 Nc6 18.Nb5 a6 19.Nc3 Nd7 20.Nf1 Bf6 21.Rcd1 d5 22.cxd5 Nd4
23.Qd2 Ne5 24.Re3 Ng4 25.Rd3 exd5 26.Rxd4 Bxd4 27.Qxd4 f6 28.Nxd5 Bxd5 29.exd5
Rc2 30.d6 Qd8 31.d7 Ree2 32.Qxg4 Rxb2 33.Rc1 Rbc2 34.Rxc2 Rxc2 35.Qe6+ {#r}
1-0

[Event "28th NATO Chess 2017"]
[Site "masterchessopen.com Budapest HUN"]
[Date "2017.03.30"]
[Round "6.21"]
[White "Middaugh,Jon S"]
[Black "Papista,A"]
[Result "1-0"]
[WhiteElo "1842"]
[BlackElo "2096"]

1.d4 d5 2.c4 c6 3.Nc3 Nf6 4.Bf4 dxc4 5.e4 b5 6.f3 a6 7.Nh3 e6 8.a4 Bb7 9.Be3
Nbd7 10.Be2 Be7 11.O-O O-O 12.Kh1 Qb6 13.g4 c5 14.g5 Ne8 15.axb5 axb5 16.Rxa8
Bxa8 17.d5 e5 18.Rg1 Nd6 19.Nb1 Rc8 20.Nf2 Nf8 21.Ng4 Nd7 22.Qe1 Qd8 23.h4 Rc7
24.Qg3 Bb7 25.Nxe5 Nxe5 26.Qxe5 Ne8 27.Qh2 f5 28.Nc3 b4 29.Nb5 Rd7 30.Bxc4 Kh8
31.Ra1 fxe4 32.fxe4 Nd6 33.Nxd6 Bxd6 34.Bf4 Bf8 35.Rd1 Qa8 36.Qd2 Bd6 37.Bxd6
Rxd6 38.Qf4 Qd8 39.Kh2 h6 40.e5 Rb6 41.Rf1 Ba6 42.Qf8+ Qxf8 43.Rxf8+ Kh7
44.Bxa6 Rxa6 45.d6 Ra2 46.Rf2 c4 47.d7 Ra8 48.e6 {#r} 1-0